| 000 | 00536nam a2200193Ia 4500 | ||
|---|---|---|---|
| 003 | OSt | ||
| 005 | 20140404091726.0 | ||
| 008 | 140130s9999 xx 000 0 und d | ||
| 050 |
_aPZ 7 _b.P63123p1 2003 |
||
| 100 | _aPilkey, Dav | ||
| 245 |
_cPilkey, Dav _aCaptain Underpants and the big battle of the bionic booger boy Part 1 : _bThe Night of the nasty nostril nuggets / |
||
| 260 | _bScholastic, | ||
| 300 |
_a173 p. : _bill. ; _c22 cm. |
||
| 440 | _v1 | ||
| 521 | _aG6 | ||
| 526 | _c850 | ||
| 942 |
_cBK _2lcc |
||
| 999 |
_c41227 _d41227 |
||